[Event "Coupe Totier 2010 Qualifications Suisse"]
[Site "Martigues"]
[Date "2010.06.06"]
[Round "2.2"]
[White "Santiago, Jean Jose"]
[Black "Jean, Nicolas"]
[Result "0-1"]
[WhiteElo "1199"]
[BlackElo "1694"]
[PlyCount "78"]
[EventDate "2010.06.06"]
[EventType "swiss ()"]
[EventRounds "3"]
[EventCountry "FRA"]
[Source "CDJE 13"]
[SourceDate "2010.06.15"]
[WhiteTeam "Martigues II"]
[BlackTeam "Meyreuil"]
[WhiteTeamCountry "FRA"]
[BlackTeamCountry "FRA"]

1. e4 e5 2. Nf3 Nc6 3. Bc4 Bc5 4. d3 d6 5. Ng5 Nh6 6. Qf3 O-O 7. Nc3 Nd4 8. Qd1
Bg4 9. Qd2 Kh8 10. Nd5 f6 11. c3 fxg5 12. cxd4 Bxd4 13. Ne3 Qf6 14. O-O c6 15.
h3 Bd7 16. Rb1 g4 17. hxg4 Bxg4 18. b4 Qh4 19. b5 Bd7 20. bxc6 bxc6 21. Rb7 Ng4
22. Nxg4 Bxg4 23. Ba3 Rf6 24. Rc7 Rh6 25. Qxh6 Qxh6 26. Rxc6 Rf8 27. Rxd6 Bxf2+
28. Rxf2 Qe3 29. Bf7 h6 30. Rxh6+ gxh6 31. Bxf8 Qxd3 32. Bxh6 Qxe4 33. g3 Bd7
34. Rh2 Qe1+ 35. Kg2 Bc6+ 36. Kh3 Qf1+ 37. Kg4 Bd7+ 38. Kg5 Qf5+ 39. Kh4 Qg4#
0-1

[Event "Coupe Totier 2010 Qualifications Suisse"]
[Site "Martigues"]
[Date "2010.06.06"]
[Round "2.3"]
[White "Schiano Lomoriello, Didier"]
[Black "Nerino Escoubet, Gabriel"]
[Result "1-0"]
[WhiteElo "1540"]
[BlackElo "1099"]
[PlyCount "41"]
[EventDate "2010.06.06"]
[EventType "swiss ()"]
[EventRounds "3"]
[EventCountry "FRA"]
[Source "CDJE 13"]
[SourceDate "2010.06.15"]
[WhiteTeam "Meyreuil"]
[BlackTeam "Martigues II"]
[WhiteTeamCountry "FRA"]
[BlackTeamCountry "FRA"]

1. e4 e5 2. Nf3 Nc6 3. Bb5 Nf6 4. O-O Bc5 5. c3 a6 6. Ba4 b5 7. Bc2 O-O 8. d4
exd4 9. cxd4 Bd6 10. e5 Nxe5 11. dxe5 Bxe5 12. Nxe5 Re8 13. Nf3 Qe7 14. Re1 Qf8
15. Rxe8 Qxe8 16. Bg5 Nh5 17. Nc3 Qe6 18. Qd3 g6 19. Re1 Qg4 20. Qd4 h6 21.
Re8+ 1-0

[Event "Coupe Totier 2010 Qualifications Suisse"]
[Site "Martigues"]
[Date "2010.06.06"]
[Round "2.4"]
[White "Santiago, Antoine Louis"]
[Black "Montanelli, Tristan"]
[Result "0-1"]
[WhiteElo "1009"]
[BlackElo "1646"]
[PlyCount "120"]
[EventDate "2010.06.06"]
[EventType "swiss ()"]
[EventRounds "3"]
[EventCountry "FRA"]
[Source "CDJE 13"]
[SourceDate "2010.06.15"]
[WhiteTeam "Martigues II"]
[BlackTeam "Meyreuil"]
[WhiteTeamCountry "FRA"]
[BlackTeamCountry "FRA"]

1. e4 e6 2. Nc3 c5 3. Nf3 Nc6 4. Bb5 a6 5. Bxc6 bxc6 6. d3 Qc7 7. g3 Nf6 8. Bf4
d6 9. e5 Nd5 10. Nxd5 cxd5 11. exd6 Bxd6 12. Bxd6 Qxd6 13. d4 cxd4 14. Qxd4 O-O
15. Qh4 Bd7 16. Ng5 Qe5+ 17. Kf1 h6 18. Nf3 Qxb2 19. Kg2 Qxc2 20. Qe7 Bb5 21.
Rac1 Qf5 22. Nh4 Qe4+ 23. f3 Qe2+ 24. Kh3 Rfe8 25. Qa3 Bc4 26. Rce1 Qxa2 27.
Qxa2 Bxa2 28. Re2 Bc4 29. Rb2 Rab8 30. Rxb8 Rxb8 31. Ng2 Be2 32. f4 Bf3 33. Rc1
Bxg2+ 34. Kxg2 Rb2+ 35. Kh3 d4 36. Rc8+ Kh7 37. Rd8 Rb4 38. Kg4 a5 39. f5 e5
40. Kf3 a4 41. Rf8 f6 42. h4 a3 43. Ra8 Rb3+ 44. Ke2 Rxg3 45. Kf2 Rc3 46. Ke2
Rh3 47. Kd2 a2 48. Rxa2 Rh2+ 49. Kd3 Rxa2 50. Ke4 Ra3 51. h5 d3 52. Ke3 e4 53.
Kd2 Ra2+ 54. Kd1 e3 55. Kc1 d2+ 56. Kd1 Ra1+ 57. Ke2 d1=Q+ 58. Kxe3 Ra3+ 59.
Ke4 Qd3+ 60. Kf4 Qf3# 0-1

[Event "Coupe Totier 2010 Qualifications Suisse"]
[Site "Martigues"]
[Date "2010.06.06"]
[Round "2.1"]
[White "Faure, Alexandre"]
[Black "Girard, Jean Pierre"]
[Result "1/2-1/2"]
[WhiteElo "1725"]
[BlackElo "1923"]
[PlyCount "83"]
[EventDate "2010.06.06"]
[EventType "swiss ()"]
[EventRounds "3"]
[EventCountry "FRA"]
[Source "CDJE 13"]
[SourceDate "2010.06.15"]
[WhiteTeam "Salon de Provence"]
[BlackTeam "Istres/Fos"]
[WhiteTeamCountry "FRA"]
[BlackTeamCountry "FRA"]

1. e4 c5 2. c3 Nf6 3. e5 Nd5 4. d4 e6 5. Nf3 d6 6. c4 Nb6 7. dxc5 dxc5 8. Qxd8+
Kxd8 9. Nc3 Be7 10. Be3 a6 11. Bd3 Bd7 12. Ne4 Bc6 13. Nxc5 N8d7 14. Nxd7 Nxd7
15. Bf4 h6 16. Nd4 Bxg2 17. Rg1 g5 18. Rxg2 gxf4 19. Nf3 Bb4+ 20. Ke2 Ke7 21.
Rg4 h5 22. Rxf4 Rag8 23. Be4 Rg4 24. Rxg4 hxg4 25. Nd4 Rxh2 26. Bxb7 Nxe5 27.
Bxa6 g3 28. Rf1 gxf2 29. Rxf2 Rxf2+ 30. Kxf2 Bc5 31. Ke3 Nc6 32. Bb7 Nxd4 33.
Kd3 e5 34. a3 Ba7 35. b4 Kd7 36. a4 f5 37. a5 Nc6 38. c5 Nxb4+ 39. Kc4 Nc6 40.
Kd5 Nxa5 41. c6+ Kc7 42. Kxe5 1/2-1/2

[Event "Coupe Totier 2010 Qualifications Suisse"]
[Site "Martigues"]
[Date "2010.06.06"]
[Round "2.2"]
[White "Jullien, Patrick"]
[Black "Chazeau, Laineur Lothaire"]
[Result "1/2-1/2"]
[WhiteElo "1786"]
[BlackElo "1680"]
[PlyCount "108"]
[EventDate "2010.06.06"]
[EventType "swiss ()"]
[EventRounds "3"]
[EventCountry "FRA"]
[Source "CDJE 13"]
[SourceDate "2010.06.15"]
[WhiteTeam "Istres/Fos"]
[BlackTeam "Salon de Provence"]
[WhiteTeamCountry "FRA"]
[BlackTeamCountry "FRA"]

1. d4 Nf6 2. Nf3 g6 3. e3 Bg7 4. Be2 d6 5. O-O O-O 6. b3 b6 7. Bb2 Bb7 8. c4
Ne4 9. Nfd2 Nxd2 10. Qxd2 Nd7 11. f3 f5 12. Nc3 Nf6 13. Bd3 e5 14. d5 Re8 15.
e4 f4 16. b4 Nd7 17. a4 a5 18. bxa5 Rxa5 19. Ba3 Nc5 20. Bc2 Qd7 21. Bb4 Ra6
22. Ra2 Rea8 23. Rfa1 Bf8 24. a5 Be7 25. axb6 Rxa2 26. Rxa2 Rxa2 27. Nxa2 cxb6
28. Bxc5 bxc5 29. Qa5 Qd8 30. Qa4 Qa8 31. Nc3 Qxa4 32. Bxa4 Ba6 33. Bb5 Bb7 34.
Kf1 Kf7 35. Ke2 Bd8 36. Bd7 Ke7 37. Be6 h6 38. Nb5 g5 39. Kd2 Ba5+ 40. Kc2 Bd8
41. Kb3 Bb6 42. Ka4 Ba6 43. Bf5 Bd8 44. Kb3 Bb6 45. Ka4 Bd8 46. Bh3 Bb6 47. g3
Bd8 48. Bf1 Bb6 49. Be2 Bd8 50. Na7 Bc7 51. Nb5 Bb6 52. Bd3 Bc8 53. Nc3 Ba6 54.
Bf1 Bd8 1/2-1/2

[Event "Coupe Totier 2010 Qualifications Suisse"]
[Site "Martigues"]
[Date "2010.06.06"]
[Round "2.3"]
[White "Sanchez, Frederic"]
[Black "Larbi, Sofiane"]
[Result "1-0"]
[WhiteElo "1590"]
[BlackElo "1499"]
[PlyCount "113"]
[EventDate "2010.06.06"]
[EventType "swiss ()"]
[EventRounds "3"]
[EventCountry "FRA"]
[Source "CDJE 13"]
[SourceDate "2010.06.15"]
[WhiteTeam "Salon de Provence"]
[BlackTeam "Istres/Fos"]
[WhiteTeamCountry "FRA"]
[BlackTeamCountry "FRA"]

1. d4 Nf6 2. Bf4 e6 3. e3 b6 4. h3 Bb7 5. Nf3 Be7 6. Be2 O-O 7. c3 h6 8. Nbd2
Nc6 9. O-O Nh7 10. a3 f5 11. Bg3 Bf6 12. Nc4 b5 13. Nce5 Nxe5 14. Nxe5 a6 15.
Bf3 Bxf3 16. Qxf3 d5 17. Ng6 Rf7 18. Nf4 Qe7 19. Ng6 Qd7 20. Qh5 Ng5 21. Bf4
Kh7 22. Bxg5 Qe8 23. Bxf6 Rxf6 24. Nf4 g6 25. Qf3 c6 26. Nd3 Qe7 27. Ne5 Qd6
28. Ng4 Rf7 29. Ne5 Rg7 30. Qf4 g5 31. Qg3 Rf8 32. Qf3 g4 33. hxg4 fxg4 34. Qe2
h5 35. f3 g3 36. f4 Kh6 37. Nf3 Qe7 38. Ng5 Rfg8 39. Qf3 e5 40. dxe5 Rf8 41.
Qxg3 Rf5 42. Qh3 Rfxg5 43. fxg5+ Qxg5 44. Rf5 Qg4 45. Qxg4 Rxg4 46. Rf6+ Kg7
47. Rxc6 h4 48. Kh2 Re4 49. Rxa6 Rxe5 50. Rb6 Rxe3 51. Rxb5 Rd3 52. a4 Kf6 53.
a5 Kf5 54. a6 Kg4 55. Ra4+ d4 56. Rxd4+ Rxd4 57. cxd4 1-0

[Event "Coupe Totier 2010 Qualifications Suisse"]
[Site "Martigues"]
[Date "2010.06.06"]
[Round "2.4"]
[White "Nari, Alain"]
[Black "Benavides, Jeremy"]
[Result "1/2-1/2"]
[WhiteElo "1630"]
[BlackElo "1450"]
[PlyCount "90"]
[EventDate "2010.06.06"]
[EventType "swiss ()"]
[EventRounds "3"]
[EventCountry "FRA"]
[Source "CDJE 13"]
[SourceDate "2010.06.15"]
[WhiteTeam "Istres/Fos"]
[BlackTeam "Salon de Provence"]
[WhiteTeamCountry "FRA"]
[BlackTeamCountry "FRA"]

1. e4 c5 2. Nf3 d6 3. d4 cxd4 4. Nxd4 Nf6 5. Nc3 a6 6. a4 e5 7. Nde2 Be6 8. Ng3
Be7 9. Bd3 O-O 10. Nf5 Nbd7 11. Nxe7+ Qxe7 12. Bg5 h6 13. Bh4 Nc5 14. Be2 g5
15. Bg3 Nfxe4 16. Nxe4 Nxe4 17. Bd3 Nc5 18. Qh5 Nxd3+ 19. cxd3 Kh7 20. f3 f5
21. Bf2 Qf7 22. Qxf7+ Rxf7 23. Rc1 Rc8 24. Kd2 Rfc7 25. Bb6 Rc6 26. a5 Bb3 27.
Rxc6 Rxc6 28. Rc1 Ba4 29. Rxc6 Bxc6 30. Bc7 e4 31. dxe4 fxe4 32. Ke3 d5 33.
fxe4 dxe4 34. Bb6 Kg6 35. b4 Kf5 36. Bc5 Bb5 37. g3 h5 38. h4 Bd3 39. hxg5 Kxg5
40. Bd6 h4 41. Be7+ Kg4 42. gxh4 Kh5 43. Kd4 Kg6 44. Bg5 Kh5 45. Kc5 Bb5
1/2-1/2

[Event "Coupe Totier 2010 Qualifications Suisse"]
[Site "Martigues"]
[Date "2010.06.06"]
[Round "3.1"]
[White "Normand, Geoffroy"]
[Black "Chauvet, Vincent"]
[Result "1/2-1/2"]
[WhiteElo "2019"]
[BlackElo "2008"]
[PlyCount "87"]
[EventDate "2010.06.06"]
[EventType "swiss ()"]
[EventRounds "3"]
[EventCountry "FRA"]
[Source "CDJE 13"]
[SourceDate "2010.06.15"]
[WhiteTeam "Martigues"]
[BlackTeam "Meyreuil"]
[WhiteTeamCountry "FRA"]
[BlackTeamCountry "FRA"]

1. f4 Nf6 2. Nf3 g6 3. b3 Bg7 4. Bb2 d5 5. e3 c5 6. Bb5+ Nbd7 7. O-O O-O 8.
Bxd7 Nxd7 9. Bxg7 Kxg7 10. Qe1 b6 11. d3 Bb7 12. Nbd2 Qc7 13. Qg3 Rae8 14. Ne5
f6 15. Nxd7 Qxd7 16. f5 e5 17. fxg6 hxg6 18. Nf3 Bc8 19. Nh4 Qg4 20. Qxg4 Bxg4
21. h3 {(=)} Bc8 22. Nf3 e4 23. dxe4 Rxe4 24. Rfe1 Rfe8 25. Kf2 Bb7 26. g3 g5
27. c3 Bc8 28. h4 g4 29. Nd2 R4e5 30. b4 c4 31. e4 b5 {(=)} 32. exd5 Rf5+ 33.
Kg1 Rxe1+ 34. Rxe1 Rxd5 35. Nf1 Kf7 36. Kf2 Rf5+ 37. Kg1 Bb7 38. Re3 Bc6 39.
Nh2 Rd5 40. Kf2 Rd2+ 41. Re2 Rd3 42. Re3 Rd2+ 43. Re2 Rd3 44. Re3 1/2-1/2

[Event "Coupe Totier 2010 Qualifications Suisse"]
[Site "Martigues"]
[Date "2010.06.06"]
[Round "3.2"]
[White "Jean, Nicolas"]
[Black "Cattaneo, Romain"]
[Result "1-0"]
[WhiteElo "1694"]
[BlackElo "1858"]
[PlyCount "58"]
[EventDate "2010.06.06"]
[EventType "swiss ()"]
[EventRounds "3"]
[EventCountry "FRA"]
[Source "CDJE 13"]
[SourceDate "2010.06.15"]
[WhiteTeam "Meyreuil"]
[BlackTeam "Martigues"]
[WhiteTeamCountry "FRA"]
[BlackTeamCountry "FRA"]

1. e4 g6 2. d4 Bg7 3. Nc3 c6 4. Bc4 d6 5. f4 h5 6. h3 e6 7. Nf3 d5 8. exd5 cxd5
9. Bd3 Nc6 10. Be3 Nh6 11. Bb5 Kf8 12. Bxc6 bxc6 13. Ne5 Nf5 14. Qd2 Ng3 15.
Rg1 Qb6 16. Rb1 h4 17. a3 a5 18. Na4 Qc7 19. Nc5 Bxe5 20. fxe5 Ba6 21. Bg5 Rh5
22. Qf4 Nf5 23. Kd2 a4 24. b3 Nxd4 25. Qxd4 Rxg5 26. Qxa4 Bb7 27. Qb4 Kg7 28.
Qxb7 Qa5+ 29. b4 Qxa3 1-0

[Event "Coupe Totier 2010 Qualifications Suisse"]
[Site "Martigues"]
[Date "2010.06.06"]
[Round "3.3"]
[White "Lepeigneux, Jean Jacques"]
[Black "Schiano Lomoriello, Didier"]
[Result "1/2-1/2"]
[WhiteElo "1617"]
[BlackElo "1540"]
[PlyCount "80"]
[EventDate "2010.06.06"]
[EventType "swiss ()"]
[EventRounds "3"]
[EventCountry "FRA"]
[Source "CDJE 13"]
[SourceDate "2010.06.15"]
[WhiteTeam "Martigues"]
[BlackTeam "Meyreuil"]
[WhiteTeamCountry "FRA"]
[BlackTeamCountry "FRA"]

1. e4 c5 2. Nf3 d6 3. c3 Nc6 4. d4 cxd4 5. cxd4 Nf6 6. Nc3 g6 7. Bb5 Bd7 8. Qb3
Bg7 9. Ng5 O-O 10. Bc4 e6 11. d5 Na5 12. Qb4 Nxc4 13. Qxc4 Qc8 14. Qb4 h6 15.
Nf3 Qc7 16. Be3 a5 17. Qb3 a4 18. Qb4 Rfc8 19. O-O Ra6 20. Rac1 Qa5 21. Qxb7
Ng4 22. Qxd7 Rc7 23. Qb5 Nxe3 24. Qxa5 Rxa5 25. fxe3 a3 26. Nd4 axb2 27. Rb1
Rxc3 28. Rxb2 Rxe3 29. Rb8+ Kh7 30. Rxf7 Rxa2 31. h3 Rg3 32. Nxe6 Raxg2+ 33.
Kf1 Rg1+ 34. Ke2 R1g2+ 35. Ke1 Rg1+ 36. Kd2 R1g2+ 37. Kd1 Rg1+ 38. Ke2 R1g2+
39. Rf2 Rxf2+ 40. Kxf2 Be5 1/2-1/2

[Event "Coupe Totier 2010 Qualifications Suisse"]
[Site "Martigues"]
[Date "2010.06.06"]
[Round "3.4"]
[White "Montanelli, Tristan"]
[Black "Bouillot, Quentin"]
[Result "1-0"]
[WhiteElo "1646"]
[BlackElo "1480"]
[PlyCount "111"]
[EventDate "2010.06.06"]
[EventType "swiss ()"]
[EventRounds "3"]
[EventCountry "FRA"]
[Source "CDJE 13"]
[SourceDate "2010.06.15"]
[WhiteTeam "Meyreuil"]
[BlackTeam "Martigues"]
[WhiteTeamCountry "FRA"]
[BlackTeamCountry "FRA"]

1. e3 d5 2. c4 c6 3. Nf3 Bf5 4. Qb3 Bc8 5. cxd5 Qxd5 6. Bc4 Qf5 7. O-O Nf6 8.
Bxf7+ Kd8 9. Nd4 Qe5 10. f4 Qd6 11. Be6 g6 12. Bxc8 Kxc8 13. Qe6+ Qxe6 14. Nxe6
Na6 15. a3 Nc7 16. Nxf8 Rxf8 17. Nc3 b6 18. b4 Kb7 19. Bb2 Rad8 20. Rad1 Ncd5
21. Nxd5 Nxd5 22. g3 Rd7 23. Kf2 Rfd8 24. Ke2 Rc7 25. Rb1 Rcd7 26. Rfd1 b5 27.
Bd4 Nc7 28. Bc5 Ne6 29. d4 Nc7 30. Rd3 Ne6 31. g4 Rf8 32. a4 a6 33. axb5 cxb5
34. d5 Rfd8 35. Rbd1 Nc7 36. Bxe7 Rxe7 37. d6 Rxe3+ 38. Rxe3 Ne8 39. Re6 Kc8
40. Rxe8 Rxe8+ 41. Kf3 Kd7 42. f5 Rf8 43. Kf4 h5 44. h3 hxg4 45. hxg4 gxf5 46.
gxf5 Rd8 47. Ke5 Rf8 48. f6 Rf7 49. Rc1 Rf8 50. Rc7+ Kd8 51. Ra7 Re8+ 52. Re7
Rxe7+ 53. dxe7+ Kd7 54. Kd5 Ke8 55. Kc5 a5 56. bxa5 1-0

[Event "Coupe Totier 2010 Qualifications Suisse"]
[Site "Martigues"]
[Date "2010.06.06"]
[Round "3.1"]
[White "Puglisi, Orazio"]
[Black "Brest, Jean Francois"]
[Result "0-1"]
[WhiteElo "1948"]
[BlackElo "1888"]
[PlyCount "68"]
[EventDate "2010.06.06"]
[EventType "swiss ()"]
[EventRounds "3"]
[EventCountry "FRA"]
[Source "CDJE 13"]
[SourceDate "2010.06.15"]
[WhiteTeam "Aubagne II"]
[BlackTeam "Marseille Echecs"]
[WhiteTeamCountry "FRA"]
[BlackTeamCountry "FRA"]

1. f4 Nf6 2. Nf3 g6 3. e3 Bg7 4. Be2 c5 5. O-O O-O 6. d3 b6 7. Qe1 Bb7 8. Nc3
d6 9. Nd1 Nbd7 10. e4 e5 11. Qh4 Nh5 12. Ng5 h6 13. Bxh5 hxg5 14. fxg5 gxh5 15.
Ne3 Qe7 16. Nf5 Qe6 17. Qxh5 Rae8 18. Nh4 d5 19. Bd2 dxe4 20. Rf5 exd3 21. cxd3
e4 22. Raf1 Bd4+ 23. Kh1 exd3 24. Be3 Bg7 25. Rf6 Qxe3 26. Rxf7 Be4 27. Rxg7+
Kxg7 28. Qh6+ Kg8 29. Rg1 d2 30. Qh5 Qe1 31. g6 Re7 32. h3 d1=Q 33. Qxd1 Qxd1
34. Rxd1 Rf6 0-1

[Event "Coupe Totier 2010 Qualifications Suisse"]
[Site "Martigues"]
[Date "2010.06.06"]
[Round "3.2"]
[White "Bremond, Pascal"]
[Black "Miguel, Alain"]
[Result "1-0"]
[WhiteElo "1995"]
[BlackElo "1876"]
[PlyCount "155"]
[EventDate "2010.06.06"]
[EventType "swiss ()"]
[EventRounds "3"]
[EventCountry "FRA"]
[Source "CDJE 13"]
[SourceDate "2010.06.15"]
[WhiteTeam "Marseille Echecs"]
[BlackTeam "Aubagne II"]
[WhiteTeamCountry "FRA"]
[BlackTeamCountry "FRA"]

1. d4 Nf6 2. Nf3 e6 3. c4 Bb4+ 4. Nbd2 c5 5. g3 cxd4 6. Nxd4 Qb6 7. N4f3 O-O 8.
Bg2 d5 9. cxd5 exd5 10. O-O Nc6 11. a3 Bd6 12. b4 Ne5 13. Bb2 Re8 14. Nb3 Nxf3+
15. exf3 Be5 16. Nd4 Qd8 17. Re1 Bxd4 18. Rxe8+ Nxe8 19. Qxd4 Be6 20. Re1 Qb6
21. Qd2 Rc8 22. f4 Nf6 23. Bd4 Qc6 24. Qd3 Ne4 25. f3 Nd6 26. g4 Qc4 27. Bf1
Nb5 28. Be5 Qxd3 29. Bxd3 Nxa3 30. f5 Bd7 31. f6 gxf6 32. Bxf6 Nc4 33. Re7 Nb6
34. Re5 h6 35. Rh5 Rc6 36. g5 Rxf6 37. gxf6 Be6 38. Rxh6 d4 39. Rh4 Nd5 40.
Rxd4 Nxf6 41. b5 a6 42. bxa6 bxa6 43. Bxa6 Bd5 44. h4 Kg7 45. Kf2 Be6 46. Bc4
Bf5 47. Rd6 Bg6 48. Ra6 Nd7 49. Ra7 Ne5 50. Be2 Nc6 51. Rc7 Nb4 52. Bc4 Kf6 53.
Kg3 Bh5 54. Kf4 Bg6 55. Rc5 Nc2 56. Rc6+ Kg7 57. Rd6 Bh5 58. Bd3 Ne1 59. Be4
Bg6 60. Bxg6 fxg6 61. Ra6 Kh6 62. Kg4 Nd3 63. Rd6 Ne5+ 64. Kg3 Nf7 65. Ra6 Kh5
66. Ra5+ Kh6 67. f4 Nd6 68. Kg4 Nc4 69. Rc5 Ne3+ 70. Kf3 Nf5 71. Kg4 Ne3+ 72.
Kh3 Nf5 73. Re5 Ng7 74. Kg4 Nh5 75. Rxh5+ gxh5+ 76. Kf5 Kg7 77. Ke6 Kf8 78. Kf6
1-0

[Event "Coupe Totier 2010 Qualifications Suisse"]
[Site "Martigues"]
[Date "2010.06.06"]
[Round "3.3"]
[White "Mosse, Laurent"]
[Black "Figier, Anthony"]
[Result "0-1"]
[WhiteElo "1670"]
[BlackElo "1651"]
[PlyCount "90"]
[EventDate "2010.06.06"]
[EventType "swiss ()"]
[EventRounds "3"]
[EventCountry "FRA"]
[Source "CDJE 13"]
[SourceDate "2010.06.15"]
[WhiteTeam "Aubagne II"]
[BlackTeam "Marseille Echecs"]
[WhiteTeamCountry "FRA"]
[BlackTeamCountry "FRA"]

1. e4 e5 2. d4 exd4 3. Nf3 Nc6 4. Bc4 Bb4+ 5. c3 dxc3 6. bxc3 Ba5 7. O-O d6 8.
Nd4 Nf6 9. Nxc6 bxc6 10. Qa4 Bb6 11. Bd5 Nxd5 12. exd5 O-O 13. dxc6 Qf6 14. Qf4
Qxf4 15. Bxf4 Ba6 16. Re1 Bb5 17. Nd2 Rfe8 18. Nf3 Bxc6 19. Nd4 Bd5 20. Be3
Rab8 21. a4 a6 22. h3 g6 23. a5 Bc5 24. Rab1 Be4 25. Rxb8 Rxb8 26. f3 Bd5 27.
Rc1 Rb2 28. Ra1 Kg7 29. Kf1 Ba7 30. Nf5+ Kf6 31. Bxa7 Kxf5 32. Rd1 Bc4+ 33. Kg1
d5 34. Bc5 Rb5 35. g4+ Kf4 36. Ba3 Rxa5 37. Ra1 Kxf3 38. Kh2 Rb5 39. g5 Rb3 40.
Bb4 Rb2+ 41. Kh1 Bd3 42. Ra5 Kg3 43. Ra1 Be4+ 44. Kg1 Rg2+ 45. Kf1 Bd3+ 0-1

[Event "Coupe Totier 2010 Qualifications Suisse"]
[Site "Martigues"]
[Date "2010.06.06"]
[Round "3.4"]
[White "Derige, Yan"]
[Black "Roman, Sylvian"]
[Result "0-1"]
[WhiteElo "1410"]
[BlackElo "1490"]
[PlyCount "104"]
[EventDate "2010.06.06"]
[EventType "swiss ()"]
[EventRounds "3"]
[EventCountry "FRA"]
[Source "CDJE 13"]
[SourceDate "2010.06.15"]
[WhiteTeam "Marseille Echecs"]
[BlackTeam "Aubagne II"]
[WhiteTeamCountry "FRA"]
[BlackTeamCountry "FRA"]

1. d4 Nf6 2. c4 g6 3. Nc3 Bg7 4. Nf3 d6 5. Bg5 O-O 6. e4 Nbd7 7. Be2 Re8 8. O-O
e5 9. dxe5 dxe5 10. Qc1 c6 11. Rd1 Qc7 12. Bh6 Nc5 13. Bxg7 Kxg7 14. Qe3 b6 15.
Rac1 Bg4 16. b4 Nb7 17. Qg5 h6 18. Qd2 Rad8 19. Qb2 Bxf3 20. Bxf3 Nd6 21. b5
Nxc4 22. Qc2 Rxd1+ 23. Nxd1 cxb5 24. Ne3 Rc8 25. Be2 Qc5 26. Nxc4 bxc4 27. Qxc4
Qxc4 28. Rxc4 Rxc4 29. Bxc4 Nxe4 30. f3 Nc3 31. Kf2 b5 32. Bb3 a5 33. Ke3 b4
34. Kd3 f5 35. a3 Kf6 36. a4 e4+ 37. Ke3 Ke5 38. f4+ Kd6 39. h4 Nd5+ 40. Kd4
Nxf4 41. g3 Ne2+ 42. Ke3 Nc3 43. Kd4 g5 44. Ke3 Ke5 45. Kf2 g4 46. Ke3 Nd5+ 47.
Ke2 Kd4 48. Kd2 e3+ 49. Ke2 Nc3+ 50. Ke1 Kd3 51. Kf1 Kd2 52. Kg2 e2 0-1

[Event "Coupe Totier 2010 Qualifications Suisse"]
[Site "Martigues"]
[Date "2010.06.06"]
[Round "3.1"]
[White "Fayette, Sylvain"]
[Black "Faure, Alexandre"]
[Result "1-0"]
[WhiteElo "2026"]
[BlackElo "1725"]
[PlyCount "55"]
[EventDate "2010.06.06"]
[EventType "swiss ()"]
[EventRounds "3"]
[EventCountry "FRA"]
[Source "CDJE 13"]
[SourceDate "2010.06.15"]
[WhiteTeam "Aubagne"]
[BlackTeam "Salon de Provence"]
[WhiteTeamCountry "FRA"]
[BlackTeamCountry "FRA"]

1. e4 e6 2. d4 d5 3. Nd2 Nf6 4. e5 Nfd7 5. Bd3 c5 6. c3 Nc6 7. Ne2 Qb6 8. Nf3
f6 9. Nf4 fxe5 10. Nxe6 Nxd4 11. Nfxd4 e4 12. Nxf8 Rxf8 13. Qh5+ g6 14. Qxd5
exd3 15. Qe4+ Kf7 16. Qd5+ Ke8 17. Nf3 Rf5 18. Qxd3 Ne5 19. Nxe5 Rxe5+ 20. Be3
Qxb2 21. O-O Bf5 22. Qc4 Be6 23. Qh4 Rh5 24. Qf6 Kd7 25. Rfd1+ Bd5 26. Rab1 Qe2
27. Qf7+ Kc8 28. Rxd5 1-0

[Event "Coupe Totier 2010 Qualifications Suisse"]
[Site "Martigues"]
[Date "2010.06.06"]
[Round "3.2"]
[White "Chazeau, Laineur Lothaire"]
[Black "Poulain, Cedric"]
[Result "0-1"]
[WhiteElo "1480"]
[BlackElo "1961"]
[PlyCount "68"]
[EventDate "2010.06.06"]
[EventType "swiss ()"]
[EventRounds "3"]
[EventCountry "FRA"]
[Source "CDJE 13"]
[SourceDate "2010.06.15"]
[WhiteTeam "Salon de Provence"]
[BlackTeam "Aubagne"]
[WhiteTeamCountry "FRA"]
[BlackTeamCountry "FRA"]

1. d4 Nf6 2. Bf4 d5 3. e3 c5 4. c3 Nc6 5. Nd2 Qb6 6. Qb3 g6 7. Qxb6 axb6 8. Bc7
Nd7 9. a4 c4 10. Ngf3 b5 11. a5 b6 12. Be2 bxa5 13. O-O Ra7 14. Bf4 Nf6 15. Ne5
Nxe5 16. Bxe5 Bg7 17. b3 O-O 18. bxc4 bxc4 19. Rfb1 Bd7 20. h3 a4 21. Ra3 Rfa8
22. Bf3 Bc6 23. Nxc4 Ra6 24. Nd2 Bf8 25. Ra2 Nd7 26. Bf4 e6 27. Be2 Rb6 28.
Rxb6 Nxb6 29. Bc7 Nd7 30. f3 a3 31. c4 Bb4 32. Nb3 Ba4 33. Na1 dxc4 34. Bxc4
Rc8 0-1

[Event "Coupe Totier 2010 Qualifications Suisse"]
[Site "Martigues"]
[Date "2010.06.06"]
[Round "3.3"]
[White "Crapon, Laurent"]
[Black "Sanchez, Frederic"]
[Result "1-0"]
[WhiteElo "1870"]
[BlackElo "1590"]
[PlyCount "143"]
[EventDate "2010.06.06"]
[EventType "swiss ()"]
[EventRounds "3"]
[EventCountry "FRA"]
[Source "CDJE 13"]
[SourceDate "2010.06.15"]
[WhiteTeam "Aubagne"]
[BlackTeam "Salon de Provence"]
[WhiteTeamCountry "FRA"]
[BlackTeamCountry "FRA"]

1. d4 Nf6 2. Nf3 g6 3. c4 Bg7 4. Nc3 d6 5. Bf4 Nbd7 6. Qd2 O-O 7. Bh6 a6 8.
Bxg7 Kxg7 9. e3 Qe8 10. Be2 e5 11. dxe5 Nxe5 12. Nxe5 Qxe5 13. Bf3 Rb8 14. O-O
Bg4 15. Qe2 Qh5 16. Bxg4 Qxg4 17. Qxg4 Nxg4 18. Nd5 Rbc8 19. Rfd1 Nf6 20. Rac1
Nxd5 21. cxd5 Rfd8 22. Rd3 c6 23. dxc6 Rxc6 24. Rxc6 bxc6 25. Rb3 a5 26. Rb6 c5
27. b3 a4 28. bxa4 Ra8 29. Rxd6 Rxa4 30. Rd2 c4 31. Kf1 c3 32. Rc2 Ra3 33. Ke2
Kf6 34. Kd3 Ke5 35. f4+ Kf5 36. h3 h5 37. Rxc3 Rxa2 38. Rc5+ Kf6 39. Rc2 Ra3+
40. Ke4 Ra4+ 41. Kf3 Ra3 42. Rc6+ Kg7 43. Rc5 Kf6 44. g4 hxg4+ 45. hxg4 Rb3 46.
Rc6+ Kg7 47. Rd6 Ra3 48. Ke4 Ra4+ 49. Ke5 Ra3 50. Ke4 Ra4+ 51. Kf3 Ra3 52. f5
gxf5 53. gxf5 Ra5 54. Kf4 Ra4+ 55. e4 Rb4 56. Ke3 Rb3+ 57. Rd3 Rb4 58. Rd4 Rb3+
59. Kf4 Rb1 60. e5 Rf1+ 61. Ke4 Re1+ 62. Kd5 Kf8 63. Kd6 Ra1 64. e6 fxe6 65.
fxe6 Ra6+ 66. Ke5 Ra5+ 67. Kf6 Ra8 68. Rh4 Kg8 69. Rg4+ Kh7 70. Kf7 Kh6 71. e7
Rh8 72. Rh4+ 1-0

[Event "Coupe Totier 2010 Qualifications Suisse"]
[Site "Martigues"]
[Date "2010.06.06"]
[Round "3.4"]
[White "Benavides, Jeremy"]
[Black "Lognos, Line"]
[Result "1-0"]
[WhiteElo "1450"]
[BlackElo "1140"]
[PlyCount "43"]
[EventDate "2010.06.06"]
[EventType "swiss ()"]
[EventRounds "3"]
[EventCountry "FRA"]
[Source "CDJE 13"]
[SourceDate "2010.06.15"]
[WhiteTeam "Salon de Provence"]
[BlackTeam "Aubagne"]
[WhiteTeamCountry "FRA"]
[BlackTeamCountry "FRA"]

1. e4 g6 2. d4 Bg7 3. Nc3 d6 4. Bc4 Nf6 5. h3 O-O 6. Be3 Nxe4 7. Nxe4 d5 8.
Bxd5 Qxd5 9. Qf3 Bxd4 10. Nf6+ Bxf6 11. Qxd5 Bxb2 12. Rb1 Bg7 13. Rxb7 Nd7 14.
Rxc7 Rb8 15. Ne2 Rd8 16. O-O a6 17. Ba7 Rb5 18. Qa8 Be5 19. Rxc8 Rxc8 20. Qxc8+
Nf8 21. Qxa6 Rb3 22. Bd4 1-0